Statistics for Swiss Cultural Icons

Click here to take the quiz!

General Stats

  • This quiz has been taken 60 times
  • The average score is 16 of 24

Answer Stats

Hint Answer % Correct
Cailler, Suchard, Lindt etc.Chocolate
100%
Most famous mountain rangeAlps
98%
Rolex, Swatch, TAG Heuer etc.Watches
98%
Position of CH in both World WarsNeutral
96%
Famous brand of ^, invented by Theodor ToblerToblerone
94%
Type of food which made the Emmental world-famousCheese
94%
Arguably the most famous mountain in the AlpsMatterhorn
94%
The two national dishes, both containing ^Fondue
88%
Tennis player with 19 Grand SlamsRoger Federer
88%
Story about a young girl who lives in the AlpsHeidi
88%
Breed of dog which rescued many lives in the AlpsSt. Bernard
80%
Swiss national heroWilliam Tell
78%
Most famous multi-tool, even the U.S. army has some of theseArmy Knives
63%
Raclette
59%
Switzerland has many of these ingotsGold bars
51%
Long wooden labrophoneAlphorn
51%
Retail company famous for its orange MMigros
47%
Jungfrau
43%
Mountain triumvirate near the city of InterlakenEiger
41%
Mönch
37%
The place where the legendary 1291 oath took placeRütli
31%
Sometimes considered to be the national sport of CHSchwingen
29%
Popular waterfall near the city of SchaffhausenRhine Falls
27%
Milk flavoring product made with malt extract and wheyOvomaltine
22%

Score Distribution

Percentile by Number Answered

Percent of People with Each Score

Your Score History

You have not taken this quiz